Soft place to fall (Record no. 308)
[ view plain ]
| 000 -LEADER | |
|---|---|
| fixed length control field | 00802njm a2200193 a 4500 |
| 001 - CONTROL NUMBER | |
| control field | ASINB00004TR0I |
| 005 - DATE AND TIME OF LATEST TRANSACTION | |
| control field | 20200421093826.0 |
| 008 - FIXED-LENGTH DATA ELEMENTS--GENERAL INFORMATION | |
| fixed length control field | 130724s2000 xxu eng d |
| 020 ## - INTERNATIONAL STANDARD BOOK NUMBER | |
| Terms of availability | �9.99 |
| 024 1# - OTHER STANDARD IDENTIFIER | |
| Standard number or code | 710347104926 |
| 100 1# - MAIN ENTRY--PERSONAL NAME | |
| Personal name | Coleman, Deborah. |
| 245 10 - TITLE STATEMENT | |
| Title | Soft place to fall |
| Medium | [sound recording] / |
| Statement of responsibility, etc. | Deborah Coleman. |
| 260 ## - PUBLICATION, DISTRIBUTION, ETC. | |
| Place of publication, distribution, etc. | [S.l.] : |
| Name of publisher, distributor, etc. | RUF, |
| Date of publication, distribution, etc. | 2000. |
| 300 ## - PHYSICAL DESCRIPTION | |
| Extent | 1 sound disc : |
| Other physical details | digital ; |
| Dimensions | 4 3/4 in. |
| 500 ## - GENERAL NOTE | |
| General note | CD. |
| 505 0# - FORMATTED CONTENTS NOTE | |
| Title | Look what you do to me -- |
| -- | Confused -- |
| -- | Soft place to fall -- |
| -- | Don't lie to me -- |
| -- | If you love me like you say -- |
| -- | Another hoping fool -- |
| -- | I'm a woman -- |
| -- | So damn easy -- |
| -- | Nothin' to do with love -- |
| -- | What goes around -- |
| -- | The day it comes. |
| 856 40 - ELECTRONIC LOCATION AND ACCESS | |
| Materials specified | Amazon.com |
| Uniform Resource Identifier | <a href="http://www.amazon.co.uk/exec/obidos/ASIN/B00004TR0I/chopaconline-20">http://www.amazon.co.uk/exec/obidos/ASIN/B00004TR0I/chopaconline-20</a> |
| 942 ## - ADDED ENTRY ELEMENTS (KOHA) | |
| Koha item type | Mixed Materials |
| Withdrawn status | Lost status | Damaged status | Not for loan | Collection | Home library | Current library | Shelving location | Date acquired | Barcode | Date last seen | Price effective from | Koha item type |
|---|---|---|---|---|---|---|---|---|---|---|---|---|
| Reference | Centerville | Centerville | Audio visual | 09/04/2014 | 39999000013597 | 09/04/2014 | 09/04/2014 | Music | ||||
| Reference | Fairview | Fairview | Audio visual | 09/04/2014 | 39999000013559 | 09/04/2014 | 09/04/2014 | Music | ||||
| Reference | Midway | Midway | Audio visual | 09/04/2014 | 39999000013535 | 09/04/2014 | 09/04/2014 | Music | ||||
| Reference | Midway | Midway | Audio visual | 09/04/2014 | 39999000013573 | 09/04/2014 | 09/04/2014 | Music |